| 000 | 00716nam0a22002531 4500 | ||
|---|---|---|---|
| 001 | rc\240127 | ||
| 005 | 20250621004837.0 | ||
| 035 | _a(NLR Aleph) 005483792 | ||
| 090 |
_a5142184 _c5142184 |
||
| 100 | _a20030307d1990 |||y0rusy50 ca | ||
| 101 | 0 | _arus | |
| 102 | _aRU | ||
| 105 | _ay ||||||||| | ||
| 200 | 1 | _aЖены Иоанна Грозного | |
| 210 |
_aВолгоград _cГаз. "Новый день" _d1990 |
||
| 215 |
_a59, [1] с. _d20 |
||
| 300 | _aНа тит. л.: М.: Дело, 1912 | ||
| 600 | 0 |
_aИван IV _cцарь _2psbo |
|
| 700 | 1 |
_aГорский _bС. _gСергей |
|
| 801 | 0 |
_aRU _bNLR _gpsbo |
|
| 801 | 1 |
_aRU _bELAR _2rusmarc |
|
| 852 |
_aNLR _j90-4/12235 |
||
| 942 | _cBOOK | ||
| 980 | _aNB | ||